000 00526nam a2200169Ia 4500
008 090201s9999 xx 000 0 und d
010 _aKPL-41033
040 _bमराठी
041 _aमराठी
082 _a31144
_b41033
100 _aअनंत तिबिले
245 _aस्वप्न भंगले
_cअनंत तिबिले
260 _c2004
_bमधुर प्रकाशन
300 _a216
_bमोठा
600 _aस्वप्न भंगले
942 _cBOOK
999 _c229641
_d229641